=LDR 00000nam 2200000 4500 =001 INLIS000000000008832 =005 20130612100644 =008 ***********************************Ind** =035 ##$$0010-061300000008832 =041 ##$$a Ind =082 ##$$a 2x3.54 =090 ##$$a 2x3.54, sya s =100 ##$$a Asy-Sya'rawi, M.Mutawalli =245 ##$$a Siapa penghuni surga siapa penghunu neraka, m.Mutawalli Asy-sya'rawi, penerjmah, abdul hayyie Al-Kattami =260 ##$$a 2001 $b Jakarta =300 ##$$a 218 hlm , 21cm =650 ##$$a Surga dan Neraka =850 ##$$a NBPNMAT